A basic introduction to Biblical Hebrew, with cd / (Record no. 118367)
[ view plain ]
| 000 -LEADER | |
|---|---|
| fixed length control field | 01138cam a22003014a 4500 |
| 001 - CONTROL NUMBER | |
| control field | 16053001 |
| 003 - CONTROL NUMBER IDENTIFIER | |
| control field | ARRUPE |
| 005 - DATE AND TIME OF LATEST TRANSACTION | |
| control field | 20131022142823.0 |
| 008 - FIXED-LENGTH DATA ELEMENTS--GENERAL INFORMATION | |
| fixed length control field | 100113s2010 mau b 001 0 eng |
| 010 ## - LIBRARY OF CONGRESS CONTROL NUMBER | |
| LC control number | 2010001283 |
| 020 ## - INTERNATIONAL STANDARD BOOK NUMBER | |
| International Standard Book Number | 9781598560282 (alk. paper) |
| 040 ## - CATALOGING SOURCE | |
| Original cataloging agency | DLC |
| Transcribing agency | DLC |
| 041 0# - LANGUAGE CODE | |
| Language code of text/sound track or separate title | eng |
| -- | heb |
| 050 00 - LIBRARY OF CONGRESS CALL NUMBER | |
| Classification number | PJ4567.3 |
| Item number | .H33 2010 |
| 082 00 - DEWEY DECIMAL CLASSIFICATION NUMBER | |
| Classification number | 492.4/82421 |
| Edition number | 22 |
| 300 ## - PHYSICAL DESCRIPTION | |
| Dimensions | 24 cm. + |
| 100 1# - MAIN ENTRY--PERSONAL NAME | |
| Personal name | Hackett, Jo Ann. |
| 9 (RLIN) | 2610 |
| 245 12 - TITLE STATEMENT | |
| Title | A basic introduction to Biblical Hebrew, with cd / |
| Statement of responsibility, etc | Jo Ann Hackett. |
| 260 ## - PUBLICATION, DISTRIBUTION, ETC. (IMPRINT) | |
| Place of publication, distribution, etc | Peabody, Mass. : |
| Name of publisher, distributor, etc | Hendrickson Publishers Marketing, |
| Date of publication, distribution, etc | 2010. |
| 300 ## - PHYSICAL DESCRIPTION | |
| Extent | xxv, 302 p. ; |
| Accompanying material | 1 CD-ROM (4 3/4 in.) |
| 504 ## - BIBLIOGRAPHY, ETC. NOTE | |
| Bibliography, etc | Includes bibliographical references and index. |
| 546 ## - LANGUAGE NOTE | |
| Language note | Text in English and Hebrew (Masoretic text). |
| 630 00 - SUBJECT ADDED ENTRY--UNIFORM TITLE | |
| Uniform title | Bible |
| Name of part/section of a work | Old Testament |
| General subdivision | Language, style. |
| 9 (RLIN) | 2611 |
| 650 #0 - SUBJECT ADDED ENTRY--TOPICAL TERM | |
| Topical term or geographic name as entry element | Hebrew language |
| General subdivision | Grammar. |
| 9 (RLIN) | 2612 |
| 650 #0 - SUBJECT ADDED ENTRY--TOPICAL TERM | |
| Topical term or geographic name as entry element | Hebrew language |
| General subdivision | Grammar |
| Form subdivision | Problems, exercises, etc. |
| 9 (RLIN) | 2613 |
| 906 ## - LOCAL DATA ELEMENT F, LDF (RLIN) | |
| a | 7 |
| b | cbc |
| c | orignew |
| d | 1 |
| e | ecip |
| f | 20 |
| g | y-gencatlg |
| 942 ## - ADDED ENTRY ELEMENTS (KOHA) | |
| Source of classification or shelving scheme | Library of Congress Classification |
| Koha item type | Monograph ( Printed materials) |
| Withdrawn status | Lost status | Source of classification or shelving scheme | Damaged status | Not for loan | Home library | Current library | Date acquired | Total Checkouts | Full call number | Barcode | Date last seen | Date checked out | Price effective from | Koha item type |
|---|---|---|---|---|---|---|---|---|---|---|---|---|---|---|
| Library of Congress Classification | ARRUPE LIBRARY | ARRUPE LIBRARY | 22/10/2013 | 1 | PJ4567.3 .H33 2010 | 46411295 | 07/02/2019 | 24/01/2019 | 22/10/2013 | Monograph ( Printed materials) |